| 000 | 00921nam a2200253 a 4500 | ||
|---|---|---|---|
| 001 | 000002427 | ||
| 005 | 20200929150208.0 | ||
| 008 | 090702s2004 sp 000 0 spa d | ||
| 020 | _a8493350419 | ||
| 040 |
_aDO-SdBNP _bspa _cBNPHU |
||
| 082 |
_a686.20945 _bC259s |
||
| 100 | 1 |
_aCaramuel, Juan, _d1606-1682 _97679 |
|
| 245 | 1 | 0 |
_aSyntagma de arte typographica / _cJuan Caramuel ; edición, traducción y glosa de Pablo Andrés Escapa. |
| 260 |
_aSalamanca : _bInstituto de Historia del Libro y de la Lectura, _c2004. |
||
| 300 |
_a240 p. ; _c23 cm. |
||
| 490 | 1 |
_aMinor _v3 |
|
| 500 | _aIncluye referencias bibliográficas y notas al pie de las páginas | ||
| 504 | _aBibliografía : p. 233-240 | ||
| 650 | 4 |
_aTipografia _zItalia _97680 |
|
| 650 | 4 |
_aTipografia _xObras anteriores a 1800 _97681 |
|
| 700 | 1 | 2 |
_aEscapa, Pablo Andrés, _etr. _97409 |
| 830 | 0 |
_aMinor _n3 _97682 |
|
| 910 | _aValidado. Control de calidad MFF | ||
| 999 |
_c2263 _d2263 |
||